| 000 | 00921nam a22002537a 4500 | ||
|---|---|---|---|
| 999 |
_c21507 _d21507 |
||
| 003 | AR-CdUCM | ||
| 008 | 190220b ||||| |||| 00| 0 spa d | ||
| 020 | _a9786124715495 | ||
| 040 |
_aMUNICIPALIDAD PROVINCIAL DEL CUSCO _cBIBLIOTECA MUNICIPAL DEL CUSCO |
||
| 082 |
_a324.2/V55 _bV55 _2segunda |
||
| 100 |
_aVich Flórez, Víctor _945070 |
||
| 245 |
_aEl caníbal es el otro : _bviolencia y cultura en el Perú contemporáneo / _cVíctor Vich |
||
| 260 |
_aLima : _bInstituto de Estudios Peruanos, IEP, _c2017. |
||
| 300 |
_a106 páginas. : _c21 cm. |
||
| 440 |
_aSerie Crítica Literaria, _n16. _945144 |
||
| 650 |
_aVargas Llosa, Mario _945145 |
||
| 650 |
_aLituma en los Andes _945146 |
||
| 650 |
_aViolencia política _97220 |
||
| 650 |
_aViolencia en la literatura _910674 |
||
| 650 |
_aCrítica textual _917171 |
||
| 710 |
_aInstituto de Estudios Peruanos (Lima) _99759 |
||
| 942 |
_2ddc _cLIBROS |
||
| 945 | _aRoel | ||